000 00248nam a2200097Ia 4500
001 1111071
005 20250827003904.0
008 250824s9999 xx 000 0 und d
245 0 _aBİZ İNSANLAR
_cPEYAMİ SAFA
260 _bÖTÜKEN NEŞRİYAT A.Ş.
999 _c1111071
_d1111071